| 000 | nam a22 a 4500 | ||
|---|---|---|---|
| 999 |
_c143446 _d143446 |
||
| 003 | BLK | ||
| 005 | 20230124181142.0 | ||
| 008 | 180409b bul|||||r ||||||| ||bul|| | ||
| 010 | _aKNG00149569000 | ||
| 040 | _aBLK | ||
| 041 |
_aBUL _cBUL |
||
| 080 |
_aБългарска литература _b821.163.2 _x-93-1 _z821.163.2-93-1 |
||
| 100 | 1 |
_aЧичо Стоян _eпърви автор _gПопов, Стоян Михайлов _9376387 |
|
| 139 |
_aПопов, Стоян Михайлов и др. _bП 76 |
||
| 245 | 1 | 0 |
_aПрозорче към миналото _bСтихотворения за деца _c* Стоян Михайлов Попов; Чичо Стоян; съавт. Цоньо Калчев; с предг. от Георги Веселинов; худож. Владимир Коренев. |
| 257 | _aBGR | ||
| 260 |
_aСофия _bБълг. художник _c1970 |
||
| 300 |
_a64 с. _bс ил. _c21 см |
||
| 380 | _aDX | ||
| 490 |
_aБиблиотека Прозорче към миналото _9206909 |
||
| 500 | _aЧичо Стоян псевд. на Стоян Попов. - 50 100 тир. | ||
| 700 | 1 |
_aПопов, Стоян Михайлов _e* _9372942 |
|
| 700 | 1 |
_aКалчев, Цоньо _eсъавт. _9379726 |
|
| 700 | 1 |
_aВеселинов, Георги _eс предг. от _9378955 |
|
| 700 | 1 |
_aКоренев, Владимир _eхудож. _9365106 |
|
| 852 | _aЦб 262396 | ||
| 856 | 4 |
_qpdf _i0.72 _ldisable |
|
| 856 | 4 |
_qpdf _i0.72 _ldisable |
|
| 942 |
_cKNG _n0 _s1 |
||
| 944 |
_aCR _c20.08.2013 _l20.08.2013 - от С1,Р / 20.08.2013 _kСерджан_Ахмедов |
||
| 944 |
_aED _c13.09.2017 _l20.08.2013 - от С1,Р / 20.08.2013 _kВася_Ганчева |
||
| 999 | _d143446 | ||
| 999 | _d143446 | ||